| 000 | 00439 a2200169 4500 | ||
|---|---|---|---|
| 001 | 066380 | ||
| 003 | OSt | ||
| 005 | 20210927144715.0 | ||
| 008 | |||
| 082 |
_a006.6 _bM89I |
||
| 100 | 1 | _aMukhopadhyay, Anirban | |
| 245 | 1 |
_aIntroduction to computer graphics _cby Anirban Mukhopadhyay |
|
| 260 |
_aNew Delhi _bVikas Publishing _c2003 |
||
| 300 | _a434p. | ||
| 690 | _aComputer graphics | ||
| 942 |
_2ddc _cBK |
||
| 999 |
_c440 _d440 |
||